Nobelova cena za ekonómiu
Prínos prof. Roberta E. Lucasa nositeľa Nobelovej ceny za ekonómiu v r. 1995 pre rozvoj ekonomickej teórie. Prof. Lucas prednáša na Chicagskej univerzite a je čelným predstaviteľom školy racionálnych očakávaní. Niekoľko záverov tohto učenia, ktoré sa očividne líšia od doteraz ekonómami akceptovaných...
Guardado en:
| Formato: | Capítulo de libro |
|---|---|
| Lenguaje: | eslovaco |
| Materias: | |
| Etiquetas: |
Sin Etiquetas, Sea el primero en etiquetar este registro!
|
MARC
| LEADER | 00000naa a2200000 4500 | ||
|---|---|---|---|
| 001 | r025015 | ||
| 005 | 20230809081743.4 | ||
| 041 | 0 | |a slo | |
| 044 | |a SK | ||
| 245 | 1 | 0 | |a Nobelova cena za ekonómiu |
| 520 | |a Prínos prof. Roberta E. Lucasa nositeľa Nobelovej ceny za ekonómiu v r. 1995 pre rozvoj ekonomickej teórie. Prof. Lucas prednáša na Chicagskej univerzite a je čelným predstaviteľom školy racionálnych očakávaní. Niekoľko záverov tohto učenia, ktoré sa očividne líšia od doteraz ekonómami akceptovaných myšlienok. | ||
| 610 | 2 | 0 | |a teórie ekonomické |
| 610 | 2 | 0 | |a škola očakávaní racionálnych |
| 610 | 2 | 0 | |a Lucas, R.E. |
| 610 | 2 | 0 | |a Nobelova cena |
| 610 | 2 | 0 | |a 1995 |